header

The Hashemites (Record no. 230475)

MARC details
000 -LEADER
fixed length control field 01341nam a2200337 a 4500
100 1# - MAIN ENTRY--AUTHOR NAME
Personal name McNamara, Robert.
245 14 - TITLE STATEMENT
Title The Hashemites
260 ## - PUBLICATION, DISTRIBUTION, ETC. (IMPRINT)
Place of publication London :
Name of publisher Haus Pub.,
Year of publication 2009.
300 ## - PHYSICAL DESCRIPTION
Number of Pages xi, 239 p. :
Other physical details ill., maps.
490 1# - SERIES STATEMENT
Series statement Makers of the modern world
500 ## - GENERAL NOTE
General note "The peace conferences of 1919-23 and their aftermath"--Cover.
650 #0 - SUBJECT ADDED ENTRY--TOPICAL TERM
Topical Term Hashimites.
856 40 - ELECTRONIC LOCATION AND ACCESS
Uniform Resource Identifier http://site.ebrary.com/lib/rucke/Doc?id=10491546

No items available.

© 2026 Rongo University
Contact us: librarian | system librarian | Rongo university